000 00388 a2200121 4500
001 ART_13991
005 20260410161914.0
008 260409a
245 1 0 _aPolitica y comportamientos sociales en america latina
100 1 _aFaletto, Enzo
700 1 _aKirkwood, Julieta
773 0 _tRevista Paraguaya de Sociología
_g- Año 17, Nº 49 (sep./dic. 1980)
_wREV13424
999 _c27118
_d27118